000 02388cam a2200337 i 4500
003 SA-RiAUC
005 20250420161933.0
008 241120s2000 su g b i00010 ara c
020 _a9960627861
024 0 _a00000000970303
040 _aSA-RiIMS
_bara
_cSA-RiAUC
_dAE-DuMBRL
_erda
082 0 4 _a253.9003
_qSA-RiAUC
090 _a253.9003
_bق ح ف
100 1 _aقحف، منذر،
_d1940-
_eمؤلف.
245 1 0 _aسندات الإجارة والأعيان المؤجرة /
_cد. منذر قحف.
250 _aالطبعة الثانية.
264 1 _aجدة، السعودية :
_bالبنك الإسلامي للتنمية، المعهد الإسلامي للبحوث والتدريب،
_c2000.
300 _a127 صفحة ؛
_c24 × 17 سم.
336 _aنص
_btxt
_2rdacontent
_3كتاب
337 _aبدون وسيط
_bn
_2rdamedia
338 _aمجلد
_bnc
_2rdacarrier
490 0 _aبحث ؛
_v28
504 _aيشتمل على إرجاعات ببليوجرافية.
520 _aيتناول كتاب (سندات الاجارة والأعيان المؤجرة) والذي قام بتأليفه د. منذر قحف، موضوع (سندات الاجارة) الكتاب بحث يعرض أنواعا متعددة من السندات التي تتأسس على القواعد والأحكام الشرعية الخاصة بعقد إجارة الأشياء والأشخاص، كما يتضمن عددا من المقترحات التي تحتاج في مجموعها، إلى تأمل عميق مما قد يؤدي إلى إيجاد أنواع جديدة من الأدوات الاستثمارية الإسلامية. والباحث لم يكتفي بعرض الفكرة العامة لسندات الإجارة وسندات الأعيان المؤجرة، بل استعرض العديد من الصور التي يمكن لهذه السندات أن تتخذها؛ مفصلا شروطها وخصائصها الرئيسية، ومقارنا لها مع السندات والأسهم الأخرى.
650 7 _aالإجارة (فقه إسلامي)
_2aucsh
650 7 _aعقود الإيجار
_2aucsh
650 7 _aالمعاملات (فقه إسلامي)
_2aucsh
942 _2ddc
_cBOOK
_n0
949 _aSA-JeALM
_d241120
_umohamedma123
_n1
999 _c7245
_d7245